000 00744cam a22001934a 4500
005 20250605164207.0
008 250528s ||||||||||||||||||||||||d
035 _a20103
020 _a139136991
040 _aGR-AtMCL
_bgre
_dGR-AtMCL
_eAACR2
245 1 _aTheory of Financial Markets
260 _bPrentice Hall Inc,
_c1973
300 _a178
520 _aPreface, Introduction and Overview of the Book, Risk Taking and Risk Aversion, Portfolio Theory: The Demand for Securities, Security Market Equilibrium, Extensions of the Valuation Model, Efficiency of Security Markets, Corporate Investment Decisions, Distribution of Investment Capital, Index.
700 1 _aMossin Jan
_96151
942 _cBK
999 _c5242
_d5242